[Event "Regionalliga SW 1112"]
[Site "Bayern"]
[Date "2011.10.23"]
[Round "2.7"]
[White "Schmidt, Thomas"]
[Black "Reif, Hermann"]
[Result "1/2-1/2"]
[WhiteElo "1835"]
[BlackElo "1892"]
[PlyCount "87"]
[EventDate "2011.10.02"]
[EventType "team-tourn"]
[EventRounds "9"]
[EventCountry "GER"]
[SourceTitle "EXT 2013"]
[Source "ChessBase"]
[SourceDate "2012.11.22"]
[SourceVersion "1"]
[SourceVersionDate "2012.11.22"]
[SourceQuality "1"]
[WhiteTeam "Tuerkheim/Bad Woerishofen"]
[BlackTeam "Krumbach II"]
[WhiteTeamCountry "GER"]
[BlackTeamCountry "GER"]

1. d4 f5 2. Bg5 h6 3. Bh4 g5 4. e4 Nf6 5. e5 e6 6. exf6 Qxf6 7. Qh5+ Kd8 8. Nf3 gxh4 9. Qxh4 Be7 10. Qxf6 Bxf6 11. Nc3 b6 12. 0-0-0 Bb7 13. Ne5 Rh7 14. f4 Nc6 15. Kb1 Ne7 16. Rg1 a6 17. Be2 b5 18. Bf3 Bxf3 19. gxf3 b4 20. Na4 d6 21. c3 Kc8 22. Nd3 a5 23. Kc2 Nd5 24. Rde1 Kd7 25. Rg6 bxc3 26. bxc3 Ke7 27. Nab2 Kf7 28. Rg2 c5 29. Nc4 Ra6 30. Rb1 cxd4 31. Rb7+ Ne7 32. Rd7 Ke8 33. Rxd6 Rxd6 34. Nxd6+ Kd7 35. Nc4 Nd5 36. cxd4 Bxd4 37. Nde5+ Kc7 38. Nd3 Ne3+ 39. Nxe3 Bxe3 40. Re2 Bd4 41. Rxe6 h5 42. Ne5 Be3 43. Nd3 Bd4 44. Ne5 1/2-1/2

[Event "Augsburg Afro op-A 18th"]
[Site "Augsburg"]
[Date "2011.08.05"]
[Round "4"]
[White "Theumer, Lutz"]
[Black "Reif, Hermann"]
[Result "1-0"]
[WhiteElo "2103"]
[BlackElo "2056"]
[PlyCount "63"]
[EventDate "2011.08.04"]
[EventType "swiss"]
[EventRounds "7"]
[EventCountry "GER"]
[SourceTitle "EXT 2015"]
[Source "ChessBase"]
[SourceDate "2014.11.20"]
[SourceVersion "1"]
[SourceVersionDate "2014.11.20"]
[SourceQuality "1"]

1. d4 d5 2. c4 e6 3. Nc3 Nf6 4. cxd5 exd5 5. Bg5 c6 6. e3 Bd6 7. Bd3 Nbd7 8. Qc2 Nf8 9. Nge2 Qc7 10. Bxf6 gxf6 11. 0-0-0 Be6 12. Ng3 0-0-0 13. Nf5 Bxf5 14. Bxf5+ Kb8 15. g3 h6 16. Kb1 Ne6 17. Rc1 Qe7 18. h4 Nc7 19. Qb3 Ne8 20. Na4 Bc7 21. Rxc6 Nd6 22. Bd3 Ne4 23. Rc2 Rd6 24. Nc5 Rb6 25. Qxd5 Nd6 26. Rhc1 Rd8 27. Qf3 Qe8 28. Nb3 Rc8 29. Bf5 Nxf5 30. Qxf5 a5 31. Nc5 Ka8 32. Nd7 1-0